000 03583nam a22002777a 4500
999 _c354231
_d354231
001 68094
003 UA-OsUOA
005 20230504161307.0
007 ta
008 20100406b un ||||| |||| 00| 0 ukr d
020 _a9789665803102
040 _aUA-OsUOA
_bukr
_cUA-OsUOA
_dUA-OsUOA
041 _aukr
080 _a811.161.2'271
090 _a811.161.2'271
_bС30
100 _aСеменог О. М.
245 _aКультура наукової української мови
_bнавч. посіб.
260 _aК.
_bАкадемія
_c2010
300 _a216 с.
505 _aЗміст1. Наукова мовна культура — основа професійної діяльності дослідника1.1. Наукова мова як комунікативний феномен1.2. Сутність та особливості наукового стилю української мови1.3. Особливості усного і писемного наукового мовлення 1.4. Лексикографічна компетенція як показник мовної культури науковця2. Культура наукового тексту2.1. Властивості і структурно-смислові компоненти наукових текстів різних жанрів2.2. Культура читання наукового тексту2.3. Композиція писемного наукового тексту2.4. Наукова стаття як самостійний науковий твір2.5. Наукова рецензія. Науковий відгук3. Культура усного наукового мовлення3.1. Композиційно-логічна побудова усної наукової доповіді, виступу3.2. Мовна особистість доповідача3.3. Наукові заходи як засіб виявлення культури наукової мови3.4. Електронна презентація наукового виступуДодаткиТермінологічний словникЛітература
520 3 _aКожному дослідникові необхідні розвинуті чуття наукової мови, мовний смак, володіння науковим стилем мовлення і письма, мовними засобами наукового тексту. Ці якості є результатом цілеспрямованої роботи над собою, можливості для якої відкриває пропонований навчальний посібник. У ньому розкрито особливості української наукової мови, охарактеризовано властивості і структурно-смислові компоненти різноманітних наукових текстів, складові культури усного наукового мовлення. Адресований студентам вищих навчальних закладів. Прислужиться всім, хто займається створенням наукових текстів, дбає про підвищення своєї мовної культури.
650 7 _a8 Мовознавство. Художня література. Літературознавство
_2UDC
942 _cBK
_2udc
955 _a2